000 00355nam a2200145 i 4500
001 bg
100 1 _aHuber, Maksymilian Tytus
_d(1872-1950).
245 0 _aMechanika ogólna i techniczna /
_cM.T. Huber.
250 _aWyd.2.
260 _aWarszawa,
_c1956.
040 _cBPK
041 _apol
942 _cKS
008 s pl f |000 0 pol
999 _c26167
_d26167
856 _uhttp://koha.tu.koszalin.pl/cgi-bin/koha/opac-detail.pl?biblionumber=26167
_yKatalog online BPK